000 01257nab a22002417a 4500
999 _c5260
_d5260
003 OSt
005 20250209210544.0
008 190603e xxum|||| |||| 00| 0 spa d
040 _cPJ
100 _94994
_aFerreira Morais, Ignacio Enrique
245 1 3 _aLa divisibilidad en las hipotecas :
_b¿un nuevo paradigma? /
_cIgnacio Enrique Ferreira Morais.
260 _cCiudad Autónoma de Buenos Aires :
_aThomson Reuters La Ley,
_b2025.
300 _ap. 299 - 307.
500 _aCita Online: TR LALEY AR/DOC/27/2025. Publicado en: RCCyC 2025 (febrero) , 299.
505 _aSumario: I. Introducción.— II. Derecho real de garantía: hipoteca.— III. Aproximación al dec. 1017/2024.— IV. El dec. 1017/2024 y la regulación de las hipotecas divisibles.— V. El dec. 1017/2024 y otras cuestiones adicionales.— VI. Reflexiones finales.
505 _t¿Te interesa el texto completo? Solicitalo al correo: koha@justierradelfuego.gov.ar
650 0 _91821
_aDERECHOS REALES
650 0 _91819
_aHIPOTECA
650 0 _96312
_aPREHORIZONTALIDAD
650 0 _91998
_aSEGURO DE CAUCIÓN
773 0 _02713
_93170
_dCiudad Autónoma de Buenos Aires : Thomson Reuters La Ley, 2015-
_tRevista Código Civil y Comercial. Nº 1 - Febrero 2025
942 _2udc
_cANA